| 000 | 00492nam a22001697a 4500 | ||
|---|---|---|---|
| 003 | CEME | ||
| 005 | 20210628205755.0 | ||
| 008 | 210316b xxu||||| |||| 00| 0 eng d | ||
| 040 | _c. | ||
| 082 | _a297.63 MUH | ||
| 100 |
_aDr. Muhammad Abdul Hayi Hayi, Dr. Muhammad Abdul _976986 |
||
| 245 | _aUsway-e-rasool akram peace be upon him | ||
| 260 |
_aLAHORE _bMAKTABA-E-MADINA _c1997 |
||
| 300 | _a567P | ||
| 650 |
_aISLAM-BIOGRAPHY-PROPHET MUHAMMAD PEACE BE UPON HIM _9876 |
||
| 942 |
_cBK _2ddc |
||
| 999 |
_c582298 _d582298 |
||